Statistics for European City by Skyline.

Click here to take the quiz!

General Stats

  • This quiz has been taken 68 times
  • The average score is 5 of 8

Answer Stats

Answer% Correct
London
82%
Paris
82%
Warsaw
73%
Frankfurt
70%
Moscow
60%
Istanbul
50%
Malmo
35%
Vienna
32%

Score Distribution

Percentile by Number Answered

Percent of People with Each Score

Your Score History

You have not taken this quiz